| 000 | 00574nam a2200181Ia 4500 | ||
|---|---|---|---|
| 005 | 20250423100542.0 | ||
| 008 | 250422s9999 xx 000 0 und d | ||
| 020 | _a9781032670928 | ||
| 050 | _aJC 330.3 .P64/ | ||
| 100 | _aEdited by Jennifer Lees-Marshment | ||
| 245 | 0 | _aPolitical management in practice | |
| 260 | _aLondon | ||
| 260 | _bRoutledge | ||
| 260 | _c2024 | ||
| 300 | _a269 p | ||
| 650 | _a Political leadership. Political parties--Management. Campaign management. Marketing--Political aspects. Executive departments--Personnel management. | ||
| 942 | _cBK | ||
| 999 |
_c33655 _d33655 |
||